| 000 | 00381nam a2200145Ia 4500 | ||
|---|---|---|---|
| 008 | 210210b1968 xxu||||| |||| 00| 0 eng d | ||
| 082 | _a820.9 FURS | ||
| 100 | _aFURBANK (P N). | ||
| 245 | _aShelley: modern judgements. | ||
| 260 |
_aLondon _bMacmillan & Co. Ltd. _c1968 |
||
| 300 | _a292 | ||
| 650 | _aModern Judgements, Shelly | ||
| 690 | _aEnglish Criticism | ||
| 906 | _a027373 | ||
| 999 |
_c78662 _d78662 |
||